000 00970cab a2200241 4500
001 ABS43402
008 090401t1990 xxu||||| |||| 00| 0 eng d
035 _a(Sirsi) u41561
041 _aeng
100 _aPlumbe, G.
245 _aConfidentiality: friend or foe?
260 _c1990
350 _a0
490 _aEstates Gazette
_v(9036) 8 September 1990, 22-128(3)
520 _aThe author, a chartered surveyor , considers what he believes is the increasing practice of attaching confidentiality agreements to market transactions or rent reviews and highlights the professional and contractual problems that such agreements could pose for surveyors.
650 _aMANAGEMENT-DISPUTE AVOIDANCE, MANAGEMENT AND RESOLUTION-DISPUTE MANAGEMENT AND RESOLUTION-ARBITRATION
650 _aDISCOVERY
650 _aMARKET INTELLIGENCE
650 _aPRIVILEGE
690 _aMANAGEMENT-BUSINESS MANAGEMENT-PROFESSIONAL PRACTICE
942 _n0
948 _c04/03/1997
999 _c26680
_d26680